00587nam a22001937a 450000500170000001000130001702000100003003500130004003700160005304000120006908200150008124501020009626000440019827000510024230000280029365000330032165000160035470000230037020170124110050.0 aA-159549 c00.00 aA-159549 bCen Lib/Ret aDPLbEN a799.2bJIM aJim corbbett :cillustrated by Raymond Sheppardbthe temple tiger and more man-eaters of kumaon / aBombay bOxford University Press c1982 aOxford House , Apollo bunder bBombay e400039 a183p. ;b16cm(Hb)cill. aNational park (temple tiger) aJim corbett aSheppard, Raymond